| 000 | 00771nam a22002057a 4500 | ||
|---|---|---|---|
| 003 | JO-AjAnu | ||
| 005 | 20240709104437.0 | ||
| 008 | 240708b jo ||||| |||| 00| 0 ara d | ||
| 040 |
_aJO-AjAnu _beng _cJO-AjAnu _erda |
||
| 041 |
_aeng _heng |
||
| 050 |
_aQA248 _b2024 |
||
| 100 | 1 |
_aFrehat، Leen Mohammad _eprepared _966099 |
|
| 245 | 0 |
_aComplex Intuitionistic Shadowed Sets / _cPreparation Leen Mohammad Frehat - Supervisor Abd Ulazeez Moh'd Jumah S.Alkouri |
|
| 260 | _c2024 | ||
| 300 | _a55 paper | ||
| 500 | _aUniversity thesis (Master’s thesis in mathematics), Ajloun National University (Ajloun, Jordan), College of Science, 2024 | ||
| 650 | 7 | 0 |
_aShadowed Sets _966100 |
| 700 | 1 |
_aAbd Ulazaaz Moh'd Jumah S. Alkouri _eSupervisor _965097 |
|
| 942 |
_2lcc _cTHS _n0 |
||
| 999 |
_c33599 _d33599 |
||